| 000 | 00483nam a2200181Ia 4500 | ||
|---|---|---|---|
| 008 | 240925s9999 xx 000 0 und d | ||
| 020 | _a9788131518663 | ||
| 082 | _a511 MAL | ||
| 100 | _aMalik, D. S. | ||
| 245 | 0 | _aDiscrete Mathematics: theory and applications | |
| 250 | _aNA | ||
| 260 |
_aNew Delhi: _bCengage Learning _c,2010. |
||
| 300 |
_a324p. _b0 _fOriginal |
||
| 500 | _aIncludes Index | ||
| 600 | _aHumanities & Natural Science | ||
| 650 | _aMathematics | ||
| 942 | _cBK | ||
| 999 |
_c17076 _d17076 |
||